000 01184nam a2200241zu 4500
007 ta
008 230901s2022 xxk||||| ||||l00| 0 eng d
041 _aeng
110 2 _95763
_aLocal Government Association
245 _aInformation on Reinforced Autoclaved Aerated Concrete (RAAC)
260 _bLocal Government Association,
_cMay 2022
520 _aThe LGA is advising its members to check as a matter of urgency whether any buildings in their estates have roofs, floors, cladding or walls made of Reinforced Autoclaved Aerated Concrete (RAAC). Links to Department for Education, CROSS reports and other related materials giving an overview of the situation.
520 _aArticle undated but believed to have been issued in May 2022
650 _aBUILDING DEFECTS
650 _aCONCRETE
650 _aEDUCATION BUILDINGS
650 _aREINFORCED AUTOCLAVED AERATED CONCRETE
650 _aSCHOOLS
651 _aUnited Kingdom
690 _96223
_aBuilding materials & defects
710 2 _95763
_aLocal Government Association
856 _uhttps://www.local.gov.uk/topics/housing-and-planning/information-reinforced-autoclaved-aerated-concrete-raac
_zAvailable online
999 _c121654
_d121654